Swiss Super League Teams 25-26 - Statistics

General Stats
  • This quiz has been taken 96 times
  • The average score is 10 of 12
Answer Stats
Teams % Correct
FC Basel
100%
BSC Young Boys
97%
FC Zürich
97%
FC St. Gallen
84%
FC Lugano
83%
Servette FC
83%
FC Luzern
81%
FC Lausanne-Sport
79%
FC Sion
79%
Grasshopper Club
75%
FC Winterthur
74%
FC Thun
73%
No matching quizzes found
Score Distribution
Percent of People with Each Score
Percentile by Number Answered
Your Score History
You have not taken this quiz